Die 10 beliebtesten Apps in Deutschland - Statistiken

Allgemein
  • Dieses Quiz wurde 1.021 mal gespielt
  • Das Durchschnittsergebnis liegt bei 5 aus 10
Antwortstatistiken
Rang App-Name % Korrekt
2 Instagram
96%
1 WhatsApp
91%
3 YouTube
76%
8 Snapchat
75%
6 Spotify
47%
7 Netflix
39%
4 Google Maps
24%
9 eBay Kleinanzeigen
4%
5 H&M
2%
10 McDonald´s Deutschland
0%
Keine übereinstimmenden Quizze gefunden
Verteilung der Resultate
Anzahl Personen mit jedem Resultat
Perzentil nach korrekt beantworteten Fragen
Ihre Resultats-Entwicklung
Sie haben dieses Quiz noch nicht gespielt